000 00831nam a2200229Ii 4500
003 JO-AjNU
008 230605s9999||||xx |||||||||||||| ||und||
017 _a2021/3000
020 _a978-977-85827-0-3
040 _aJO-AjNU
_bara
_erda
_cJO-AjNU
041 _aara
050 1 4 _aK845.2021
100 3 _aالمهنا، امين خشان حيون,
_eauthor
_961676
245 0 0 _aالتنظيم القانوني للعقد الاداري االكتروني: دراسة مقارنة
250 _aط1
264 3 1 _aالقاهرة: دار وليد للنشر والتوزيع والبرمجيات، 2021
300 _a290ص
336 _atext
_btxt
_2rdacontent
337 _aunmediated
_bn
_2rdamedia
338 _avolume
_bnc
_2rdacarrier
650 4 _aالعقود الادارية الالكترونية-القانون
_961677
999 _aA27891
_c31459
_d31459